| 000 | 00394nam a2200157Ia 4500 | ||
|---|---|---|---|
| 008 | 231221s9999 xx 000 0 und d | ||
| 020 | _a9780000000000 | ||
| 041 | _aEnglish | ||
| 082 | _a001.6424LIN PET;1 R | ||
| 100 | _aPeterson, Richards | ||
| 245 | 0 | _aLinux : the complete reference | |
| 250 | _a6th ed. | ||
| 260 |
_c2008 _bT M H _aNew Delhi |
||
| 300 | _axxxiii, 830 | ||
| 942 | _cBC | ||
| 999 |
_c212951 _d212951 |
||